| 000 | 00910na a2200289 4500 | ||
|---|---|---|---|
| 001 | 23718 | ||
| 003 | MIRAKIL | ||
| 005 | 20181213155259.0 | ||
| 008 | 171214b tu 000 0 | ||
| 020 | _a9786053993179 | ||
| 040 |
_aMilas _btur _cTR-AnCHP |
||
| 041 | _atur | ||
| 082 |
_a346.561066 _bM87s 2013 |
||
| 090 | _a346.561066 M87s 2013 | ||
| 100 | _aMutluer, M.Kamil | ||
| 245 |
_aSermaye şirketlerinin denetimi _cM. Kamil Mutluer, M. Selçuk Uslu, Ziyaettin Bildirici |
||
| 260 |
_aİstanbul _bİstanbul Bilgi Üniversitesi _c2013 _fsena ofset |
||
| 300 |
_a397 s. _c23 sm. |
||
| 440 |
_aİstanbul Bilgi Üniversitesi Yayınları _v445 |
||
| 490 |
_aHukuk _v18 |
||
| 504 | _aKaynakça ve dizin var. | ||
| 650 |
_aŞirketler hukuku _xTürkiye |
||
| 650 |
_aŞirketler _xDenetim _xkanun ve mevzuat _zTürkiye |
||
| 700 | _aBildirici, Ziyaettin | ||
| 700 | _aUslu, M. Selçuk | ||
| 942 |
_2ddc _cBKS |
||
| 999 |
_c9876 _d9876 |
||